| 000 | 00777cam a22002415a 4500 | ||
|---|---|---|---|
| 001 | 17945428 | ||
| 005 | 20151011133030.0 | ||
| 008 | 131118t2015 inua fr 001 0 eng d | ||
| 020 | _a9780672337123 | ||
| 020 | _a0672337126 | ||
| 040 |
_aDLC _beng _cDLC _dEG-ScBUE |
||
| 082 | 0 | 4 |
_222 _bBLU _a629.8955133 |
| 100 | 1 |
_aBlum, Richard, _927415 _d1962- |
|
| 245 | 1 | 0 |
_aSams teach yourself Arduino programming in 24 hours / _cRichard Blum. |
| 260 |
_aIndiana : _bSAMS / Pearson education , _cc.2015. |
||
| 300 |
_aix, 419 p. : _bill. ; _c24 cm. |
||
| 500 | _aIndex : p. 403-419. | ||
| 650 | 7 |
_2BUEsh _936257 _aArduino (Programmable controller) |
|
| 650 | 0 |
_93405 _aC (Computer program language) _2BUEsh |
|
| 651 | _2BUEsh | ||
| 653 |
_bCOMAME _cJune2015 _cOctober2015 |
||
| 942 | _2ddc | ||
| 999 |
_c19730 _d19702 |
||